Statistics for Squash - World Championship Finalists

Click here to take the quiz!

General Stats

  • This quiz has been taken 250 times
    (160 since last reset)
  • The average score is 12 of 32

Answer Stats

Answer% Correct
Jansher Khan
72%
Ali Farag
70%
Jahangir Khan
70%
Mohamed El Shorbagy
69%
Marwan El Shorbagy
68%
Mohibullah Khan
66%
Paul Coll
62%
Ramy Ashour
56%
Nick Matthew
54%
Grégory Gaultier
51%
Tarek Momen
51%
James Willstrop
47%
Karim Abdel Gawad
42%
Amr Shabana
38%
Peter Nicol
38%
Jonathon Power
36%
Geoff Hunt
35%
David Palmer
33%
Omar Mosaad
27%
John White
26%
Karim Darwish
22%
Thierry Lincou
21%
Chris Dittmar
19%
Ross Norman
19%
Rodney Martin
17%
Qamar Zaman
14%
Rodney Eyles
14%
Lee Beachill
13%
Dean Williams
12%
Ahmed Barada
11%
Del Harris
11%
Peter Marshall
11%

Score Distribution

Percentile by Number Answered

Percent of People with Each Score

Your Score History

You have not taken this quiz since the last reset